| 000 | 00728nam a2200217 a 4500 | ||
|---|---|---|---|
| 005 | 20231101063631.0 | ||
| 008 | 991125s1984 mx 000 0 spa u | ||
| 020 | _a9681616723 | ||
| 035 | _aUPN01000041665 | ||
| 040 |
_aMX-MxUPN _bspa _cMX-MxUPN |
||
| 050 | 4 |
_aPQ7104 _bL5 no.36 |
|
| 100 | 1 |
_aVillaurrutia, Xavier, _d1903-1950 _929466 |
|
| 245 | 1 | 0 |
_aNostalgia de la muerte : _bpoemas y teatros / _cXavier Villaurrutia. |
| 250 | _aPrimera edición | ||
| 260 |
_aMéxico : _bFondo de Cultura Económica : _aSecretaría de Educación Pública, Subsecretaría de Cultura, _c1984. |
||
| 300 | _a195 páginas | ||
| 440 | 0 |
_aLecturas mexicanas ; _v36 |
|
| 650 | 4 |
_aPoesía mexicana _91273 |
|
| 905 | _aLibro | ||
| 942 |
_2lcc _cLIBRO |
||
| 999 |
_c41665 _d41665 |
||